000 00645nam a2200181 i 4500
001 48863
003 ES-MaACL
007 t|
008 030701s1970 mx ||||1| spa d
100 1 _aCordero Melo, Yolanda.
_940524
245 1 3 _aLa tierra
_b: geografía física y humana. Para el ler. Curso de segunda enseñanza /
_cYolanda Cordero Melo, Herlinda García Lecuona, Carmen Santín García.
250 _a2ª ed.
260 _aMéxico :
_bHerrero,
_c[1970]
300 _a477 p., 12 lám. col. ;
_c23 cm.
700 1 _aGarcía Lecuona, Herlinda.
_954816
700 1 _aSantín García, Carmen.
_9103426
852 _aES-MaACL
_jE-8997
_bR.93501
999 _c48863
_d48863